000 01399cam a22003857a 4500
003 CHAP
005 20220329142828.0
008 040501s2003 mx r 00010 spa d
010 _a88382
011 _a89354
035 _a99905
040 _cCHAP
090 _aTesis
100 0 0 _aHilario Salvador, Edgardo.
_955376
245 1 0 _aAplicación de ancymidol en plantas de Lilium spp. cultivadas en condiciones de invernadero
_c/por Edgardo Hilario Salvador
260 _aChapingo, Méx. :
_bEl autor,
_c2003.
300 _a45 h. ;
_bgráfs.
502 _aTesis (Ing. Agr. Esp. en Fitotecnia) -- UACH. Departamento de Fitotecnia
530 _aTambién disponible en línea
590 _aALEPH
_b10
_c20130110
_lUCH01
_h1458
590 _aBATCH-UPD
_b10
_c20130110
_lUCH01
_h0538
590 _aBATCH-UPD
_b10
_c20140324
_lUCH01
_h1444
590 _aBATCH-UPD
_b10
_c20141002
_lUCH01
_h0822
590 _aCONVERSION
_b10
_c20130109
_lUCH01
_h1349
650 1 4 _aCultivos en invernadero.
_930376
650 1 4 _aLilium.
_966770
650 1 4 _aPlantas
_xCrecimiento
_xAditivos.
_988804
650 1 4 _aSiembra en maceta.
_9105841
856 _3Finding aid
_uhttp://10.13.5.2/tesis/99905.pdf
_zTeclea aqui
901 _aBK
905 _aAlejandra Carrasco M.
942 _cFOLL
949 _aTesis
_bBC
_cTES
_d33724000921870
_eTS2
_fc.2
_h41950
_i99905
_sb
949 _aTesis
_bBC
_cTES
_d999051
_eTS1
_h41949
_i99905
_sb
999 _c88382
_d88382